000 00487nam a2200157 a 4500
001 000034890
005 20200930073951.0
008 111021s1965 sp a 000 0 spa d
040 _aDO-SdBNP
_bspa
_cBNPHU
082 _axxx
_bF123c
100 1 _aFabregas, Javier
_960450
245 1 3 _aEl cuerpo humano /
_cJavier Fabregas.
260 _aBarcelona :
_bBruguera,
_c1965.
300 _a268 p. :
_bil. ;
_c21 cm.
590 _aPerteneció a la biblioteca personal de Juan Isidro Jimenes Grullón
999 _c34381
_d34381